Philadelphia Eagles Head Coaches by Picture - Statistics

General Stats
  • This quiz has been taken 54 times
  • The average score is 6 of 24
Answer Stats
Picture Hint Answer % Correct
1999-2012 Andy Reid
98%
2016-2020 Doug Pederson
98%
2021-Present Nick Sirianni
90%
2013-2015 Chip Kelly
82%
1976-1982 Dick Vermeil
51%
1986-1990 Buddy Ryan
49%
1995-1998 Ray Rhodes
31%
1991-1994 Rich Kotite
31%
1983-1985 Marion Campbell
16%
1936-1940 Bert Bell
12%
2015 Pat Shurmur
12%
1941-1950 Greasy Neale
10%
1964-1968 Joe Kuharich
8%
1973-1975 Mike McCormack
4%
1958-1960 Buck Shaw
2%
1971-1972 Ed Khayat
2%
1933-1935 Lud Wray
2%
1951 Bo McMillin
0%
1985 Fred Bruney
0%
1956-1957 Hugh Devore
0%
1969-1971 Jerry Williams
0%
1952-1955 Jim Trimble
0%
1961-1963 Nick Skorich
0%
1951 Wayne Millner
0%
No matching quizzes found
Score Distribution
Percent of People with Each Score
Percentile by Number Answered
Your Score History
You have not taken this quiz